000 00778cam a2200265 4500500
005 20260405003651.0
041 _afre
042 _adc
100 1 0 _aLacroix, Alexandre
_eauthor
245 0 0 _aBaptiste Morizot : “Nous avons à retisser des alliances concrètes avec les vivants”
260 _c2023.
500 _a91
690 _aAlliance
690 _aAlternative
690 _aAnimal
690 _aBaptiste Morizot
690 _aÉvolution
690 _aLieu
690 _aNature
690 _aPolitique
690 _aProtection
690 _aVivant
786 0 _nPhilosophie magazine | 168 | 4 | 2023-04-01 | p. 37-39 | 1951-1787
856 4 1 _uhttps://shs.cairn.info/magazine-philosophie-magazine-2023-4-page-37?lang=fr&redirect-ssocas=7080
999 _c2069744
_d2069744